[Event "32. Open Barbera del Valles 2009"]
[Site "Barbera del Valles ESP"]
[Date "2009.07.08"]
[Round "5.9"]
[White "Matnadze, Ana"]
[Black "Moskalenko, Viktor"]
[Result "0-1"]
[WhiteElo "2413"]
[BlackElo "2558"]
[PlyCount "118"]
[EventDate "2009.07.04"]
[EventType "swiss"]
[EventRounds "9"]
[EventCountry "ESP"]
[Source "lmi"]
[SourceDate "2009.07.04"]

1. d4 Nf6 2. g3 c5 3. Nf3 d5 4. Bg2 cxd4 5. O-O h6 6. Nxd4 e5 7. Nb3 Nc6 8. c4
d4 9. e3 Bg4 10. f3 Be6 11. exd4 exd4 12. Re1 Be7 13. Bf1 O-O 14. a3 a5 15. Bd3
Nd7 16. f4 a4 17. f5 Bxc4 18. Bxc4 axb3 19. Bf4 Bg5 20. Nd2 Bxf4 21. gxf4 Ra5
22. Qg4 Nf6 23. Qh3 d3 24. Nxb3 d2 25. Red1 Ra4 26. Nxd2 Qd4+ 27. Kg2 Rxc4 28.
Nxc4 Qxc4 29. Kh1 Qxf4 30. Rf1 Qd2 31. Qg2 Rd8 32. Rf2 Qd5 33. Qxd5 Rxd5 34. b4
Kf8 35. Rc2 Ke7 36. Rb1 Kd7 37. a4 Nd4 38. Ra2 Ne4 39. Rc1 Nxf5 40. a5 Rb5 41.
Rb2 Nfd6 42. Kg2 g5 43. Kf3 h5 44. h3 f5 45. h4 Ke6 46. hxg5 Nxg5+ 47. Kf4 Kf6
48. Kg3 Ne6 49. Kh4 f4 50. Rd1 Nf5+ 51. Kh3 f3 52. Kh2 Ned4 53. Ra1 Kg5 54. a6
bxa6 55. Rxa6 Re5 56. Rb1 Kf4 57. Ra5 Re2+ 58. Kh3 Ne6 59. Rg1 Ng5+ 0-1

[Event "32. Open Barbera del Valles 2009"]
[Site "Barbera del Valles ESP"]
[Date "2009.07.08"]
[Round "5.10"]
[White "Ipatov, Alexander"]
[Black "Garcia Castro, Pablo"]
[Result "1-0"]
[WhiteElo "2454"]
[BlackElo "2390"]
[PlyCount "87"]
[EventDate "2009.07.04"]
[EventType "swiss"]
[EventRounds "9"]
[EventCountry "ESP"]
[Source "lmi"]
[SourceDate "2009.07.04"]

1. d4 Nf6 2. Nf3 c5 3. d5 e6 4. c4 exd5 5. cxd5 d6 6. Nc3 g6 7. e4 Bg7 8. h3 a6
9. a4 O-O 10. Bd3 Nbd7 11. O-O h6 12. Bf4 Qe7 13. Bh2 g5 14. Re1 g4 15. Nh4 Ne5
16. Nf5 Bxf5 17. exf5 h5 18. Qd2 Rae8 19. h4 Kh7 20. Bf4 Qd7 21. Bxe5 Rxe5 22.
Rxe5 dxe5 23. Qg5 c4 24. Bc2 Qd8 25. Ne4 Kg8 26. Nxf6+ Qxf6 27. Be4 Qxg5 28.
hxg5 Rd8 29. f6 Bf8 30. Kf1 Bc5 31. Ke2 Bd4 32. Rh1 Rd6 33. Rxh5 Rb6 34. Bh7+
Kf8 35. Bf5 Kg8 36. Kd1 e4 37. Bh7+ Kf8 38. Bxe4 Kg8 39. Bh7+ Kf8 40. Bd3 Kg8
41. Bxc4 Rxb2 42. d6 b5 43. d7 Bb6 44. g6 1-0

[Event "32. Open Barbera del Valles 2009"]
[Site "Barbera del Valles ESP"]
[Date "2009.07.08"]
[Round "5.13"]
[White "Exposito Amaro, Josue"]
[Black "Cruz, Cristhian"]
[Result "0-1"]
[WhiteElo "2231"]
[BlackElo "2525"]
[PlyCount "84"]
[EventDate "2009.07.04"]
[EventType "swiss"]
[EventRounds "9"]
[EventCountry "ESP"]
[Source "lmi"]
[SourceDate "2009.07.04"]

1. e4 c5 2. Nf3 d6 3. c3 Nf6 4. Bc4 Nc6 5. d3 g6 6. O-O Bg7 7. Re1 O-O 8. Nbd2
a6 9. Bb3 b5 10. Nf1 Bb7 11. h3 Qc7 12. Bc2 Rac8 13. Ng3 Rfd8 14. Bf4 h6 15.
Rc1 e5 16. Be3 d5 17. Qe2 Qe7 18. c4 bxc4 19. dxc4 dxe4 20. Nxe4 Nxe4 21. Bxe4
f5 22. Bd5+ Kh7 23. b3 e4 24. Nd2 Nd4 25. Qf1 Bxd5 26. cxd5 Qb7 27. f3 exf3 28.
Nxf3 Rxd5 29. Bxd4 cxd4 30. Rxc8 Qxc8 31. Re7 d3 32. Qe1 Qc5+ 33. Kh1 Qd6 34.
Nd2 Rc5 35. Re3 Rc2 36. Re6 Qd4 37. Rxa6 Qc3 38. Qg3 Rc1+ 39. Kh2 Be5 40. Ra7+
Kg8 41. Ra8+ Kf7 42. Ra7+ Ke8 0-1

[Event "32. Open Barbera del Valles 2009"]
[Site "Barbera del Valles ESP"]
[Date "2009.07.08"]
[Round "5.15"]
[White "Deshpande, Aniruddha"]
[Black "Orzech, Dominik"]
[Result "1-0"]
[WhiteElo "2211"]
[BlackElo "2466"]
[PlyCount "87"]
[EventDate "2009.07.04"]
[EventType "swiss"]
[EventRounds "9"]
[EventCountry "ESP"]
[Source "lmi"]
[SourceDate "2009.07.04"]

1. e4 c5 2. Nf3 Nf6 3. Nc3 Nc6 4. d4 d5 5. exd5 Nxd5 6. Bc4 Nxc3 7. bxc3 e6 8.
O-O Be7 9. Bd3 O-O 10. Ne5 Nxe5 11. dxe5 Bd7 12. Qg4 Qc7 13. Qe4 g6 14. Bh6
Rfd8 15. c4 Bc6 16. Qe2 Rd4 17. f4 Qd7 18. g4 Kh8 19. h3 a6 20. a4 Rd8 21. a5
Qc7 22. Qe3 b5 23. axb6 Qxb6 24. Rfb1 Qa7 25. Kh2 a5 26. f5 exf5 27. gxf5 Qc7
28. fxg6 Bf6 29. Re1 fxg6 30. Kg1 Bh4 31. Rf1 Qe7 32. e6 Bf6 33. Rxf6 Qxf6 34.
Rf1 Rxd3 35. cxd3 Qb2 36. Qf2 Qxf2+ 37. Rxf2 Rg8 38. e7 a4 39. Rf8 a3 40. Bg5
h5 41. h4 a2 42. Bf6+ Kh7 43. Rf7+ Kh6 44. Bg5# 1-0

[Event "32. Open Barbera del Valles 2009"]
[Site "Barbera del Valles ESP"]
[Date "2009.07.08"]
[Round "5.16"]
[White "Avila Jimenez, Javier"]
[Black "Rojas Keim, Luis"]
[Result "0-1"]
[WhiteElo "2212"]
[BlackElo "2453"]
[PlyCount "86"]
[EventDate "2009.07.04"]
[EventType "swiss"]
[EventRounds "9"]
[EventCountry "ESP"]
[Source "lmi"]
[SourceDate "2009.07.04"]

1. d4 Nf6 2. Bg5 c6 3. Nd2 Qb6 4. Ngf3 Qxb2 5. e4 d5 6. Bd3 Nxe4 7. Nxe4 dxe4
8. Bxe4 Qb4+ 9. Bd2 Qd6 10. O-O g6 11. Qc1 Bg7 12. Bf4 Qd8 13. Rb1 Nd7 14. d5
cxd5 15. Bxd5 Nb6 16. Be4 O-O 17. Rd1 Qe8 18. Bh6 Qa4 19. Bxg7 Kxg7 20. Qb2+ f6
21. Rd4 Qa5 22. Rbd1 Bf5 23. Rb4 Bxe4 24. Rxe4 Rf7 25. Nd4 e5 26. Ne6+ Kh8 27.
Qb3 Re7 28. h4 Rae8 29. Rd8 Rxd8 30. Nxd8 Qd2 31. Qd3 Qxd3 32. cxd3 Rd7 33. Ne6
Rxd3 34. Nc5 Rd1+ 35. Kh2 Rd4 36. f3 Rd2 37. Nxb7 Rxa2 38. Kg3 Nd5 39. Kh2 Nf4
40. Rc4 Rxg2+ 41. Kh1 Rd2 42. Rc7 Ne6 43. Rc6 Nd4 0-1

[Event "32. Open Barbera del Valles 2009"]
[Site "Barbera del Valles ESP"]
[Date "2009.07.08"]
[Round "5.18"]
[White "Guramishvili, Sopiko"]
[Black "Garcia Gil, Javier"]
[Result "1/2-1/2"]
[WhiteElo "2339"]
[BlackElo "2203"]
[PlyCount "127"]
[EventDate "2009.07.04"]
[EventType "swiss"]
[EventRounds "9"]
[EventCountry "ESP"]
[Source "lmi"]
[SourceDate "2009.07.04"]

1. d4 Nf6 2. c4 g6 3. Nc3 d5 4. Bg5 Ne4 5. Bh4 Nxc3 6. bxc3 Bg7 7. e3 c5 8.
cxd5 cxd4 9. cxd4 Qxd5 10. Nf3 Nc6 11. Bd3 e5 12. dxe5 Qa5+ 13. Kf1 O-O 14. Qe2
Bg4 15. Bf6 Bxf6 16. exf6 Qc3 17. Rb1 Rac8 18. h3 Bxf3 19. gxf3 Qxf6 20. f4 b6
21. Kg2 Rfe8 22. Qf3 Nd8 23. Rhc1 Rxc1 24. Rxc1 Ne6 25. Rd1 Nc5 26. Bc4 Rd8 27.
Rd5 Rxd5 28. Qxd5 Qe7 29. Kh2 Kg7 30. Qd2 Kg8 31. Bd5 h5 32. Qd4 Qh4 33. Kg2
Qe7 34. Qc4 Qf6 35. Qb5 Kg7 36. Qe8 g5 37. Qe5 Qxe5 38. fxe5 Nd3 39. e6 fxe6
40. Bxe6 Kf6 41. Bc4 Ne5 42. Bb3 b5 43. f4 gxf4 44. exf4 Nd3 45. Kg3 Nc1 46.
Bg8 a5 47. Kf3 b4 48. Ke3 a4 49. Kd4 h4 50. Kc4 Nxa2 51. Kb5 b3 52. Kxa4 Nc3+
53. Kxb3 Ne2 54. Bc4 Nxf4 55. Bf1 Ke5 56. Kc2 Ke4 57. Kd2 Kf3 58. Ke1 Kg3 59.
Ba6 Kxh3 60. Kf1 Kh2 61. Kf2 Nh5 62. Kf3 Nf6 63. Bc8 Nd5 64. Kg4 1/2-1/2

[Event "32. Open Barbera del Valles 2009"]
[Site "Barbera del Valles ESP"]
[Date "2009.07.08"]
[Round "5.19"]
[White "Massoni, Michael"]
[Black "Abhishek, Kelkar"]
[Result "0-1"]
[WhiteElo "2291"]
[BlackElo "2158"]
[PlyCount "62"]
[EventDate "2009.07.04"]
[EventType "swiss"]
[EventRounds "9"]
[EventCountry "ESP"]
[Source "lmi"]
[SourceDate "2009.07.04"]

1. e4 c5 2. Nf3 d6 3. c3 Nf6 4. Be2 Bd7 5. d3 g6 6. O-O Bg7 7. Re1 O-O 8. Bf1
e5 9. h3 Nc6 10. Bg5 h6 11. Bh4 Qb6 12. Nbd2 Be6 13. Nc4 Bxc4 14. dxc4 Nh5 15.
Nh2 Qxb2 16. Qd3 Nf4 17. Qxd6 Qxc3 18. Qxc5 Nd4 19. Rab1 b6 20. Qd6 g5 21. Bg3
Rfd8 22. Qe7 Bf8 23. Qb7 Qa5 24. c5 b5 25. Bxf4 gxf4 26. Bxb5 Rab8 27. Qa6 Rxb5
28. Qf6 Bg7 29. Qe7 Rdb8 30. Rbc1 Qxa2 31. c6 Qe6 0-1

[Event "32. Open Barbera del Valles 2009"]
[Site "Barbera del Valles ESP"]
[Date "2009.07.08"]
[Round "5.20"]
[White "Garcia Roman, Daniel"]
[Black "Martin Grillo, Ruben"]
[Result "1-0"]
[WhiteElo "2464"]
[BlackElo "2218"]
[PlyCount "129"]
[EventDate "2009.07.04"]
[EventType "swiss"]
[EventRounds "9"]
[EventCountry "ESP"]
[Source "lmi"]
[SourceDate "2009.07.04"]

1. d4 d5 2. Nf3 Nf6 3. c4 c6 4. e3 Bf5 5. Nc3 e6 6. Nh4 Be4 7. Qb3 Qc7 8. Bd2
Be7 9. Rc1 a6 10. cxd5 Bxd5 11. Nxd5 Nxd5 12. Nf3 O-O 13. g3 Nd7 14. Bg2 Rac8
15. O-O N5f6 16. Rfd1 c5 17. Ne5 Rb8 18. Nd3 b6 19. dxc5 Nxc5 20. Nxc5 Bxc5 21.
Qc4 Qa7 22. b4 Be7 23. Qc7 Qxc7 24. Rxc7 Bd6 25. Rc6 Rfd8 26. Be1 Be7 27. Rxd8+
Bxd8 28. Bc3 Nd7 29. Bf1 a5 30. bxa5 bxa5 31. a4 Kf8 32. Bb5 g6 33. Bb2 Be7 34.
Ra6 Nc5 35. Rxa5 Bd8 36. Be5 Rc8 37. Bd6+ Kg8 38. Ra7 Bb6 39. Re7 Ne4 40. Be5
Kf8 41. Rb7 Ba5 42. Rb8 Rxb8 43. Bxb8 Ke7 44. Kg2 Nd2 45. f3 f5 46. Be5 Nb3 47.
Kf2 Nc5 48. Ke2 Nd7 49. Bxd7 Kxd7 50. Kd3 Kc6 51. Kc4 h5 52. h3 Be1 53. g4 fxg4
54. fxg4 hxg4 55. hxg4 Ba5 56. e4 Bb6 57. Bc3 Kd6 58. Kb5 Ba7 59. a5 Be3 60. a6
Kc7 61. Ba5+ Kb8 62. Bb6 Bf4 63. Kc6 g5 64. Kd7 e5 65. Ke6 1-0

[Event "32. Open Barbera del Valles 2009"]
[Site "Barbera del Valles ESP"]
[Date "2009.07.08"]
[Round "5.21"]
[White "Lorenzo De La Riva, Lazaro"]
[Black "Vigo Allepuz, David"]
[Result "1-0"]
[WhiteElo "2331"]
[BlackElo "2156"]
[PlyCount "63"]
[EventDate "2009.07.04"]
[EventType "swiss"]
[EventRounds "9"]
[EventCountry "ESP"]
[Source "lmi"]
[SourceDate "2009.07.04"]

1. e4 e6 2. d4 d5 3. Nd2 dxe4 4. Nxe4 b6 5. Nf3 Bb7 6. Bb5+ c6 7. Bd3 Nf6 8.
Qe2 Nbd7 9. Neg5 Qe7 10. Ne5 Nxe5 11. dxe5 Nd5 12. a3 h6 13. Ne4 O-O-O 14. c4
Nc7 15. Nd6+ Rxd6 16. exd6 Qxd6 17. O-O g5 18. b4 Bg7 19. Bb2 f6 20. Rfd1 Qe7
21. Be4 a6 22. b5 axb5 23. cxb5 Nxb5 24. a4 Nc7 25. Ba3 Qe8 26. Rab1 f5 27.
Rxb6 fxe4 28. Rdb1 Bd4 29. Rxb7 Nb5 30. axb5 Kxb7 31. bxc6+ Kxc6 32. Qc4+ 1-0

[Event "32. Open Barbera del Valles 2009"]
[Site "Barbera del Valles ESP"]
[Date "2009.07.08"]
[Round "5.22"]
[White "Schneider, Veronika"]
[Black "Herms Agullo, Jordi"]
[Result "1-0"]
[WhiteElo "2301"]
[BlackElo "2141"]
[PlyCount "49"]
[EventDate "2009.07.04"]
[EventType "swiss"]
[EventRounds "9"]
[EventCountry "ESP"]
[Source "lmi"]
[SourceDate "2009.07.04"]

1. e4 d5 2. exd5 Nf6 3. d4 Bg4 4. Bb5+ c6 5. dxc6 Qa5+ 6. Nc3 Nxc6 7. f3 Bf5 8.
Nge2 O-O-O 9. O-O e5 10. Bxc6 bxc6 11. Ng3 exd4 12. Nce4 Bxe4 13. fxe4 h5 14.
Qd3 Qc7 15. Bg5 Bd6 16. Bxf6 gxf6 17. Rxf6 Rdg8 18. Raf1 Bxg3 19. hxg3 h4 20.
Qa6+ Kd8 21. Rxc6 Qb8 22. Qc4 Rh7 23. Rxf7 Rxf7 24. Qxf7 Qxg3 25. Qd5+ 1-0

[Event "32. Open Barbera del Valles 2009"]
[Site "Barbera del Valles ESP"]
[Date "2009.07.08"]
[Round "5.23"]
[White "Ravot, Sylvain"]
[Black "Fabre Massana, Miquel"]
[Result "1-0"]
[WhiteElo "2276"]
[BlackElo "2151"]
[PlyCount "55"]
[EventDate "2009.07.04"]
[EventType "swiss"]
[EventRounds "9"]
[EventCountry "ESP"]
[Source "lmi"]
[SourceDate "2009.07.04"]

1. e4 e5 2. Nf3 Nf6 3. Nc3 Nc6 4. Nxe5 Nxe5 5. d4 Ng6 6. e5 Ng8 7. Bc4 d5 8.
Bxd5 c6 9. Bb3 Bb4 10. O-O Bxc3 11. bxc3 N8e7 12. Qh5 Be6 13. f4 Qd7 14. h3
Bxb3 15. axb3 Qf5 16. Qxf5 Nxf5 17. g4 Nfe7 18. f5 Nf8 19. c4 a6 20. Ba3 Nd7
21. Rae1 Kd8 22. e6 fxe6 23. fxe6 Nf6 24. g5 Nh5 25. Rf7 Re8 26. d5 Rc8 27.
Bxe7+ Rxe7 28. d6 1-0

[Event "32. Open Barbera del Valles 2009"]
[Site "Barbera del Valles ESP"]
[Date "2009.07.08"]
[Round "5.24"]
[White "Canal Oliveras, Joan"]
[Black "Lasinskas, Povilas"]
[Result "1-0"]
[WhiteElo "2248"]
[BlackElo "2268"]
[PlyCount "101"]
[EventDate "2009.07.04"]
[EventType "swiss"]
[EventRounds "9"]
[EventCountry "ESP"]
[Source "lmi"]
[SourceDate "2009.07.04"]

1. e4 e6 2. d4 d5 3. Nc3 Nf6 4. Bg5 Bb4 5. e5 h6 6. Bd2 Bxc3 7. bxc3 Ne4 8. Qg4
g6 9. h4 Nxd2 10. Kxd2 c5 11. h5 g5 12. f4 cxd4 13. cxd4 Qb6 14. fxg5 Nc6 15.
Nf3 Qb4+ 16. Kd1 hxg5 17. Bd3 Bd7 18. Ke2 O-O-O 19. Rab1 Qa4 20. Rb2 f5 21.
exf6 e5 22. Bf5 e4 23. Bxd7+ Rxd7 24. Ne5 Nxe5 25. dxe5 Qc4+ 26. Kd1 Qd4+ 27.
Kc1 Qxe5 28. Rf1 Kd8 29. f7 Rf8 30. Rf5 Qc3 31. Qxg5+ Kc8 32. Rb3 Qa1+ 33. Kd2
Qd4+ 34. Ke1 Kb8 35. Qg3+ Ka8 36. h6 Qa1+ 37. Ke2 d4 38. Qg7 Rdd8 39. Rd5 Rc8
40. Rxd4 Rxc2+ 41. Rd2 Rxd2+ 42. Kxd2 Rd8+ 43. Ke3 Qe1+ 44. Kf4 Qf2+ 45. Kxe4
Qe2+ 46. Re3 Qc4+ 47. Kf3 Qd5+ 48. Kg3 Qd6+ 49. Re5 Qd3+ 50. Kh2 Qf1 51. Qg5
1-0

[Event "32. Open Barbera del Valles 2009"]
[Site "Barbera del Valles ESP"]
[Date "2009.07.08"]
[Round "5.26"]
[White "Capellades Subirana, Marc"]
[Black "Sanchez Romero, Miquel Angel"]
[Result "0-1"]
[WhiteElo "2210"]
[BlackElo "2251"]
[PlyCount "182"]
[EventDate "2009.07.04"]
[EventType "swiss"]
[EventRounds "9"]
[EventCountry "ESP"]
[Source "lmi"]
[SourceDate "2009.07.04"]

1. e4 e5 2. Nf3 Nc6 3. Bc4 Nf6 4. d3 Be7 5. O-O d6 6. c3 O-O 7. Bb3 Na5 8. Bc2
c5 9. d4 Qc7 10. d5 b5 11. h3 b4 12. Re1 Ba6 13. b3 bxc3 14. Nxc3 Rab8 15. a3
Rfc8 16. Nd2 g6 17. Ne2 c4 18. b4 Nb3 19. Bxb3 cxb3 20. Qxb3 Nd7 21. Qe3 Nb6
22. a4 Bxe2 23. Qxe2 Qc3 24. Rb1 Qc2 25. Ra1 Nxa4 26. Qa6 Nc3 27. Nf3 Bd8 28.
Be3 Bb6 29. Rac1 Qa2 30. Qd3 Qc4 31. Qxc4 Rxc4 32. Kf1 Rbc8 33. Bxb6 axb6 34.
Nd2 R4c7 35. Nb1 Na2 36. Rxc7 Rxc7 37. Na3 Nxb4 38. Rb1 Nd3 39. Rxb6 Rc3 40.
Nb1 Rc2 41. f3 Nf4 42. Na3 Ra2 43. Nc4 Ra1+ 44. Kf2 Ra2+ 45. Ke1 Nxg2+ 46. Kd1
Nh4 47. Nxd6 Nxf3 48. Rb8+ Kg7 49. Ne8+ Kh6 50. d6 Rd2+ 51. Kc1 Rd4 52. Rb5 Ng5
53. Rxe5 Nxe4 54. d7 Nf2 55. Re7 Nd3+ 56. Kc2 Nc5 57. Rxf7 Rxd7 58. Rxd7 Nxd7
59. Nd6 Kg5 60. Kd2 Kf4 61. Ke2 Kg3 62. Ne4+ Kf4 63. Nf2 Ne5 64. Kf1 Kf3 65.
Kg1 h5 66. Nh1 Nd3 67. Kf1 Nf4 68. Nf2 Kg3 69. Ne4+ Kxh3 70. Kf2 Kg4 71. Nd6 h4
72. Kg1 Kg3 73. Ne4+ Kg4 74. Kh2 Kf5 75. Nd6+ Ke5 76. Nc4+ Ke4 77. Nd6+ Kd5 78.
Nf7 Ke6 79. Ng5+ Kf5 80. Nf3 g5 81. Kh1 Kg4 82. Ne5+ Kg3 83. Nc6 g4 84. Nd4 Kh3
85. Ne2 Nh5 86. Kg1 g3 87. Kh1 Kg4 88. Nc3 Nf4 89. Nd1 Kf3 90. Nc3 h3 91. Nb5
Ne2 0-1

[Event "32. Open Barbera del Valles 2009"]
[Site "Barbera del Valles ESP"]
[Date "2009.07.08"]
[Round "5.27"]
[White "Meera, Sai"]
[Black "Brookes, Christopher"]
[Result "1-0"]
[WhiteElo "2148"]
[BlackElo "2046"]
[PlyCount "69"]
[EventDate "2009.07.04"]
[EventType "swiss"]
[EventRounds "9"]
[EventCountry "ESP"]
[Source "lmi"]
[SourceDate "2009.07.04"]

1. e4 c5 2. Nc3 Nc6 3. f4 g6 4. Nf3 Bg7 5. Bc4 d6 6. O-O Nf6 7. d3 O-O 8. Qe1
e6 9. e5 dxe5 10. fxe5 Nd5 11. Bg5 Qd7 12. Ne4 Nxe5 13. Nxe5 Bxe5 14. Bxd5 f5
15. Bh6 exd5 16. Bxf8 Kxf8 17. Nc3 Qd6 18. Qh4 Bd7 19. Qxh7 Re8 20. Rae1 Re7
21. Qh6+ Kg8 22. g3 Rh7 23. Qg5 Kf7 24. Ne2 Bc6 25. Nf4 Rg7 26. c3 d4 27. c4 b5
28. b3 Rg8 29. Nd5 Bxd5 30. cxd5 Rh8 31. Re2 Rh5 32. Rxf5+ Kg7 33. Qxh5 gxh5
34. Rfxe5 Kf7 35. Rxh5 1-0

[Event "32. Open Barbera del Valles 2009"]
[Site "Barbera del Valles ESP"]
[Date "2009.07.08"]
[Round "5.28"]
[White "Alonso Gonzalez, Carlos"]
[Black "Castro Exposito, Cristobal"]
[Result "1-0"]
[WhiteElo "2138"]
[BlackElo "2027"]
[PlyCount "57"]
[EventDate "2009.07.04"]
[EventType "swiss"]
[EventRounds "9"]
[EventCountry "ESP"]
[Source "lmi"]
[SourceDate "2009.07.04"]

1. e4 e6 2. b3 d5 3. Bb2 dxe4 4. Nc3 Nf6 5. Qe2 Bb4 6. O-O-O Bxc3 7. dxc3 Qe7
8. g4 h6 9. Bg2 Bd7 10. Kb1 Bc6 11. h4 Nbd7 12. c4 O-O-O 13. g5 Ne8 14. Nh3 f5
15. Nf4 Qf7 16. f3 exf3 17. Bxf3 Bxf3 18. Qxf3 e5 19. g6 Qe7 20. Nd5 Qe6 21.
Qxf5 Qxf5 22. Ne7+ Kb8 23. Nxf5 Nef6 24. Rhe1 e4 25. Nxg7 Rhg8 26. h5 Rdf8 27.
Nf5 Re8 28. Nxh6 Rh8 29. Rxd7 1-0

[Event "32. Open Barbera del Valles 2009"]
[Site "Barbera del Valles ESP"]
[Date "2009.07.08"]
[Round "5.29"]
[White "Nadal Garcia, Lluis"]
[Black "Ridameya Tatche, Jose Miguel"]
[Result "1/2-1/2"]
[WhiteElo "2021"]
[BlackElo "2123"]
[PlyCount "22"]
[EventDate "2009.07.04"]
[EventType "swiss"]
[EventRounds "9"]
[EventCountry "ESP"]
[Source "lmi"]
[SourceDate "2009.07.04"]

1. d4 Nf6 2. Nf3 d5 3. e3 c5 4. c3 Nc6 5. Bd3 e6 6. O-O Bd6 7. Nbd2 e5 8. dxe5
Nxe5 9. Nxe5 Bxe5 10. f4 Bc7 11. e4 c4 1/2-1/2

[Event "32. Open Barbera del Valles 2009"]
[Site "Barbera del Valles ESP"]
[Date "2009.07.08"]
[Round "5.30"]
[White "Costa Trave, Jaume"]
[Black "Anuprita, Patil"]
[Result "1-0"]
[WhiteElo "1981"]
[BlackElo "2059"]
[PlyCount "59"]
[EventDate "2009.07.04"]
[EventType "swiss"]
[EventRounds "9"]
[EventCountry "ESP"]
[Source "lmi"]
[SourceDate "2009.07.04"]

1. d4 d5 2. Nc3 Nf6 3. Bf4 c6 4. e3 g6 5. Be2 Bg7 6. h4 Qb6 7. Na4 Qa5+ 8. c3
Nbd7 9. b4 Qd8 10. h5 gxh5 11. Bxh5 b5 12. Nb2 a5 13. a3 Nb6 14. Nd3 Nc4 15.
Ne5 Nxe5 16. Bxe5 Bf5 17. Qf3 Qd7 18. Qg3 Bg6 19. Bxg6 fxg6 20. f3 Qf5 21. Ne2
Qd3 22. Kf2 axb4 23. axb4 Rxa1 24. Rxa1 O-O 25. Bxf6 Rxf6 26. Qh3 Kf7 27. Ra8
Re6 28. Qxe6+ Kxe6 29. Nf4+ Kf7 30. Nxd3 1-0

[Event "32. Open Barbera del Valles 2009"]
[Site "Barbera del Valles ESP"]
[Date "2009.07.09"]
[Round "6.1"]
[White "Cuartas, Jaime Alexander"]
[Black "Perez Mitjans, Orelvis"]
[Result "1/2-1/2"]
[WhiteElo "2521"]
[BlackElo "2404"]
[PlyCount "171"]
[EventDate "2009.07.04"]
[EventType "swiss"]
[EventRounds "9"]
[EventCountry "ESP"]
[Source "lmi"]
[SourceDate "2009.07.04"]

1. e4 d5 2. exd5 Qxd5 3. Nc3 Qa5 4. d4 Nf6 5. Nf3 Bg4 6. h3 Bh5 7. g4 Bg6 8.
Ne5 e6 9. h4 Bb4 10. Bd2 Nbd7 11. Nc4 Qa6 12. Rh3 Qc6 13. h5 Be4 14. Ne5 Qb6
15. Nxd7 Kxd7 16. Nxe4 Nxe4 17. c3 Bd6 18. Bc1 f5 19. Bd3 Rae8 20. Bxe4 fxe4
21. Qe2 e5 22. d5 Rhf8 23. Be3 Bc5 24. O-O-O Bxe3+ 25. Rxe3 Rf4 26. f3 exf3 27.
Rxf3 Rxf3 28. Qxf3 Qh6+ 29. Kc2 Qf4 30. Qe2 Rf8 31. Qb5+ Kc8 32. d6 Qe4+ 33.
Kb3 Qxg4 34. d7+ Kd8 35. Rd5 Rf6 36. Rxe5 Qd1+ 37. Kb4 Qxd7 38. Qxd7+ Kxd7 39.
Rg5 g6 40. hxg6 hxg6 41. Rg2 Ke7 42. Kc4 Rf4+ 43. Kd3 Kf6 44. Rh2 Kg7 45. Rg2
Rf5 46. Ke4 Kf6 47. Rd2 Ke6 48. Rh2 Rh5 49. Rd2 g5 50. Kf3 Rh4 51. Kg3 Rh1 52.
Re2+ Kf6 53. Rf2+ Kg6 54. Rd2 Rg1+ 55. Kf3 Kf5 56. Rd7 g4+ 57. Kf2 Rb1 58. b4
Rb2+ 59. Kg3 Rxa2 60. Rxc7 b6 61. Rf7+ Ke4 62. Kxg4 Kd3 63. Rc7 b5 64. Kf4 Ra3
65. Ke5 Rxc3 66. Rxa7 Kc4 67. Ra1 Rd3 68. Ke4 Rd8 69. Ke3 Kc3 70. Rc1+ Kxb4 71.
Rb1+ Ka5 72. Ra1+ Kb6 73. Rb1 Rd5 74. Ke4 Kc6 75. Rc1+ Rc5 76. Rb1 Rc4+ 77. Kd3
Kc5 78. Kd2 Rh4 79. Kd3 Rh3+ 80. Kc2 Kc4 81. Rg1 Kb4 82. Kb2 Rh2+ 83. Kb1 Ka4
84. Rg3 b4 85. Rf3 b3 86. Rf8 1/2-1/2

[Event "32. Open Barbera del Valles 2009"]
[Site "Barbera del Valles ESP"]
[Date "2009.07.09"]
[Round "6.3"]
[White "Mestre Bellido, Hector"]
[Black "Bacallao Alonso, Yusnel"]
[Result "1-0"]
[WhiteElo "2292"]
[BlackElo "2467"]
[PlyCount "141"]
[EventDate "2009.07.04"]
[EventType "swiss"]
[EventRounds "9"]
[EventCountry "ESP"]
[Source "lmi"]
[SourceDate "2009.07.04"]

1. e4 e5 2. Nf3 Nc6 3. Bc4 Nf6 4. d3 Be7 5. O-O O-O 6. Nc3 d6 7. a4 Be6 8. Re1
h6 9. a5 a6 10. Nd5 Re8 11. c3 Bf8 12. Qb3 Rb8 13. d4 exd4 14. cxd4 Bxd5 15.
Bxd5 Nxd5 16. Qxd5 Nb4 17. Qb3 d5 18. e5 b6 19. axb6 Rxb6 20. Be3 Qd7 21. Rec1
Reb8 22. Ne1 Rg6 23. Nd3 Qf5 24. Nf4 Rgb6 25. Rxc7 a5 26. Nxd5 Qe6 27. Rxa5 Nc6
28. Rxc6 Rxb3 29. Rxe6 fxe6 30. Nf4 Rxb2 31. h4 Kf7 32. h5 Be7 33. Kh2 Bg5 34.
Kg3 R2b5 35. Ra7+ R8b7 36. Ra8 Rb8 37. Ra4 Rb4 38. Ra6 R4b6 39. Rxb6 Rxb6 40.
Kf3 Rb1 41. Nh3 Be7 42. Ke4 Ra1 43. Nf4 Bg5 44. Nd3 Be7 45. d5 exd5+ 46. Kxd5
Rd1 47. Ke4 Rg1 48. g3 Rh1 49. g4 Rg1 50. Kf5 Ra1 51. Nf4 Ra5 52. Bb6 Rb5 53.
Bc7 Rb2 54. f3 Rb5 55. Ne6 Rd5 56. f4 Rd1 57. Bb6 Rd5 58. Nd4 Bc5 59. Bxc5 Rxc5
60. Ne2 Ra5 61. Nc3 Rc5 62. Ne4 Rc1 63. Nd6+ Ke7 64. Kg6 Rg1 65. Nf5+ Kf8 66.
g5 hxg5 67. fxg5 Re1 68. h6 gxh6 69. gxh6 Ke8 70. h7 Rg1+ 71. Kh5 1-0

[Event "32. Open Barbera del Valles 2009"]
[Site "Barbera del Valles ESP"]
[Date "2009.07.09"]
[Round "6.4"]
[White "Balogh, Csaba"]
[Black "Peralta, Fernando"]
[Result "1/2-1/2"]
[WhiteElo "2595"]
[BlackElo "2574"]
[PlyCount "79"]
[EventDate "2009.07.04"]
[EventType "swiss"]
[EventRounds "9"]
[EventCountry "ESP"]
[Source "lmi"]
[SourceDate "2009.07.04"]

1. e4 d6 2. d4 Nf6 3. Nc3 g6 4. Bg5 Bg7 5. Qd2 c6 6. Bh6 Bxh6 7. Qxh6 Qa5 8.
Bd3 c5 9. Nge2 cxd4 10. Nxd4 Nc6 11. Nb3 Qb6 12. O-O Be6 13. Ne2 Ng4 14. Qd2
Nf6 15. Nf4 Bd7 16. Rfe1 Ne5 17. Nd5 Nxd5 18. exd5 O-O 19. Bf1 Rfe8 20. Re4 a5
21. a4 Ng4 22. Rae1 Rac8 23. Bb5 Nf6 24. Bxd7 Nxd7 25. Rxe7 Rxe7 26. Rxe7 Ne5
27. Qxa5 Qxa5 28. Nxa5 Rxc2 29. h3 b6 30. Re8+ Kg7 31. Nb7 Rd2 32. Nxd6 Rxd5
33. Nc8 Nc4 34. b3 Rd1+ 35. Kh2 Nd2 36. h4 Rb1 37. Rd8 Nf1+ 38. Kh3 Rxb3+ 39.
g3 Rb2 40. Kg2 1/2-1/2

[Event "32. Open Barbera del Valles 2009"]
[Site "Barbera del Valles ESP"]
[Date "2009.07.09"]
[Round "6.6"]
[White "Vassallo Barroche, Mauricio"]
[Black "Gonzalez Garcia, Jose"]
[Result "1/2-1/2"]
[WhiteElo "2409"]
[BlackElo "2509"]
[PlyCount "89"]
[EventDate "2009.07.04"]
[EventType "swiss"]
[EventRounds "9"]
[EventCountry "ESP"]
[Source "lmi"]
[SourceDate "2009.07.04"]

1. c4 e6 2. Nf3 Nf6 3. Nc3 d5 4. d4 Bb4 5. e3 O-O 6. Bd3 c5 7. O-O Nc6 8. a3
Bxc3 9. bxc3 Qc7 10. cxd5 exd5 11. h3 Re8 12. Nd2 Na5 13. a4 b6 14. Bb2 Ne4 15.
Nxe4 dxe4 16. Be2 Bf5 17. c4 Rad8 18. d5 Rd6 19. Rc1 Rg6 20. Kh1 Qc8 21. g4 Bd7
22. Rg1 Rh6 23. Rg3 Nb7 24. Qc2 Re7 25. Kg2 Nd6 26. a5 Rg6 27. axb6 axb6 28.
Rh1 h6 29. Qc3 Kh7 30. Ra1 f5 31. gxf5 Rxg3+ 32. fxg3 Bxf5 33. g4 Bd7 34. Rf1
Qa6 35. Qe1 b5 36. cxb5 Bxb5 37. Bxb5 Qxb5 38. Qc3 Qb7 39. Ba3 Qxd5 40. Qxc5
Qxc5 41. Bxc5 Re6 42. Bxd6 Rxd6 43. Rf4 Re6 44. h4 g5 45. hxg5 1/2-1/2